Catálogo
 En Linea

El día del músico / (Registro nro. 59126)

Detalles MARC
000 -CABECERA
campo de control de longitud fija 01425nab a2200265 i 4500
003 - IDENTIFICADOR DEL NÚMERO DE CONTROL
campo de control DO-SdBNP
005 - FECHA Y HORA DE LA ÚLTIMA TRANSACCIÓN
campo de control 20250603102927.0
007 - CAMPO FIJO DE DESCRIPCIÓN FÍSICA--INFORMACIÓN GENERAL
campo de control de longitud fija ta
008 - DATOS DE LONGITUD FIJA--INFORMACIÓN GENERAL
campo de control de longitud fija 250603e1992 dr bn|p|r||||||0| |0spa d
040 ## - FUENTE DE LA CATALOGACIÓN
Centro catalogador/agencia de origen DO-SdBNP
Lengua de catalogación spa
Centro/agencia transcriptor BNPHU
Normas de descripción rda
041 ## - CÓDIGO DE LENGUA
Código de lengua original spa
110 ## - ENTRADA PRINCIPAL--NOMBRE DE ENTIDAD CORPORATIVA
Nombre de entidad corporativa o nombre de jurisdicción como elemento de entrada República Dominicana. Dirección General de Bellas Artes
9 (RLIN) 87962
245 ## - MENCIÓN DE TÍTULO
Título El día del músico /
Mención de responsabilidad, etc. Dirección General de Bellas Artes.
264 ## - PRODUCCIÓN, PUBLICACIÓN, DISTRIBUCIÓN, FABRICACIÓN Y COPYRIGHT
Producción, publicación, distribución, fabricación y copyright Santo Domingo, República Dominicana :
Nombre del de productor, editor, distribuidor, fabricante Dirección General de Bellas Artes,
Fecha de producción, publicación, distribución, fabricación o copyright 1992.
300 ## - DESCRIPCIÓN FÍSICA
Extensión última página :
Otras características físicas ilustraciones, fotografías ;
Dimensiones 28 cm.
310 ## - PERIODICIDAD ACTUAL
Periodicidad actual Bimestral.
336 ## - TIPO DE CONTENIDO
Término de tipo de contenido texto
Código de tipo de contenido txt
Fuente rdacontent
337 ## - TIPO DE MEDIO
Nombre/término del tipo de medio sin mediación
Código del tipo de medio n
Fuente rdamedia
338 ## - TIPO DE SOPORTE
Nombre/término del tipo de soporte volumen
Código del tipo de soporte nc
Fuente rdacarrier
362 ## - FECHAS DE PUBLICACIÓN Y/O DESIGNACIÓN SECUENCIAL
Fecha de publicación y/o designación secuencial Año 2. No. 6 (septiembre-octubre, 1992).
521 ## - NOTA DE PÚBLICO DESTINATARIO
Nota de público destinatario 22 de noviembre. El día del músico: es el día del pueblo dominicano, que ama, siente, vive la música. Es también el día más oportuno para que felicitemos con orgullo tanto a la música de la Orquesta Sinfónica Nacional y de conjuntos de Cámara como a los músicos de las orquestas y agrupaciones populares. Dedicamos, en este Día, un pensamiento especial a los maestros de música, porque ellos aseguran el porvenir musical del país.
650 #0 - PUNTO DE ACCESO ADICIONAL DE MATERIA--TÉRMINO DE MATERIA
Término de materia o nombre geográfico como elemento de entrada Músicos
9 (RLIN) 45195
Subdivisión de forma Publicaciones periódicas
Subdivisión geográfica República Dominicana
773 0# - ENLACE AL DOCUMENTO FUENTE/ENTRADA DE REGISTRO ANFITRIÓN
Número bibliográfico anfitrión 36604
Número de ítem anfitrión 324462
Otro identificador del documento 2025-4776
Título Auditorium.
Número de control del registro (DO-SdBNP)000037114
942 ## - ELEMENTOS DE PUNTO DE ACCESO ADICIONAL (KOHA)
Fuente del sistema de clasificación o colocación Dewey Decimal Classification
Tipo de ítem Koha Publicación periódica

No hay ítems disponibles.

Con tecnología Koha